MARC details
| 000 -CABECERA |
| campo de control de longitud fija |
02561nam a2200385 a 4500 |
| 003 - IDENTIFICADOR DEL NÚMERO DE CONTROL |
| campo de control |
CHAP |
| 005 - FECHA Y HORA DE LA ÚLTIMA TRANSACCIÓN |
| campo de control |
20250129133754.0 |
| 007 - CAMPO FIJO DE DESCRIPCIÓN FÍSICA--INFORMACIÓN GENERAL |
| campo de control de longitud fija |
ta |
| 008 - DATOS DE LONGITUD FIJA--INFORMACIÓN GENERAL |
| campo de control de longitud fija |
250129s2018 sp ad||fr|||| 001 0 spa d |
| 020 ## - NÚMERO INTERNACIONAL ESTÁNDAR DEL LIBRO |
| Número Internacional Estándar del Libro |
978-84-200-1181-3 |
| 040 ## - FUENTE DE LA CATALOGACIÓN |
| Centro catalogador/agencia de origen |
mxchpua |
| Centro/agencia transcriptor |
CHAP |
| Normas de descripción |
rda |
| 041 ## - CÓDIGO DE LENGUA |
| Código de lengua del texto/banda sonora o título independiente |
spa |
| Código de lengua del sumario o resumen |
spa |
| Código de lengua de la tabla de contenido |
spa |
| Código de lengua original |
eng |
| 050 10 - SIGNATURA TOPOGRÁFICA DE LA BIBLIOTECA DEL CONGRESO |
| Número de clasificación |
TP373.3 |
| Número de documento/Ítem |
.M36 2018 |
| 082 00 - NÚMERO DE LA CLASIFICACIÓN DECIMAL DEWEY |
| Número de edición |
20 |
| Número de clasificación |
664.028 |
| Número de documento/Ítem |
M36 2018 |
| 100 1# - ENTRADA PRINCIPAL--NOMBRE DE PERSONA |
| Nombre de persona |
Man, Dominic |
| 9 (RLIN) |
70263 |
| 240 10 - TÍTULO UNIFORME |
| Título uniforme |
Shelf life. |
| Lenguaje de la obra |
Español |
| 245 10 - MENCIÓN DE TÍTULO |
| Título |
Caducidad de los alimentos / |
| Mención de responsabilidad, etc. |
Dominic Man ; traductor Blas Borde Lekona |
| 250 ## - MENCIÓN DE EDICIÓN |
| Mención de edición |
2a edición |
| 264 ## - PRODUCCIÓN, PUBLICACIÓN, DISTRIBUCIÓN, FABRICACIÓN Y COPYRIGHT |
| Producción, publicación, distribución, fabricación y copyright |
Zaragoza, España : |
| Nombre del de productor, editor, distribuidor, fabricante |
Acribia, |
| Fecha de producción, publicación, distribución, fabricación o copyright |
2018 |
| 300 ## - DESCRIPCIÓN FÍSICA |
| Extensión |
xiii, 132 páginas : |
| Otras características físicas |
ilustraciones, gráficas, diagramas, tablas |
| 336 ## - TIPO DE CONTENIDO |
| Fuente |
rdacontent |
| Término de tipo de contenido |
texto |
| Código de tipo de contenido |
txt |
| 337 ## - TIPO DE MEDIO |
| Fuente |
rdamedia |
| Nombre/término del tipo de medio |
sin medio |
| Código del tipo de medio |
n |
| 338 ## - TIPO DE SOPORTE |
| Fuente |
rdacarrier |
| Nombre/término del tipo de soporte |
volumen |
| Código del tipo de soporte |
nc |
| 504 ## - NOTA DE BIBLIOGRAFÍA, ETC. |
| Nota de bibliografía, etc. |
Bibliografía: páginas 115-127 |
| 505 0# - NOTA DE CONTENIDO CON FORMATO |
| Nota de contenido con formato |
Prefacio --<br/>1. Introducción a la vida útil de los alimentos: preguntas más frecuentes --<br/>2. Cómo se deterioran y estropean los alimentos --<br/>3. determinación de la vida útil en la práctica --<br/>Epílogo --<br/>Apéndice A: el modelo de Arrhenius --<br/>Apéndice B: la f´rmula del CIMSCEE para la seguridad y estabilidad microbiológicas --<br/>Referencias--<br/>Índice alfabético |
| 520 2# - SUMARIO, ETC. |
| Sumario, etc. |
Caducidad de los alimentos de Dominic Man, ahora en una segunda edición revisada y actualizada, abarca las consideraciones básicas sobre la vida útil. La Sección 1 presenta la vida útil, describe su relación con la inocuidad de los alimentos y brinda respuestas a las preguntas frecuentes sobre la determinación de la vida útil y las pruebas, que son las principales preocupaciones del gerente. La Sección 2 cubre la ciencia de las diversas formas en que los alimentos se deterioran y estropean, incluidos los cambios físicos, químicos y microbiológicos. La Sección 3 analiza la vida útil en la práctica, utilizando estudios de casos de diferentes productos para ilustrar cómo se puede determinar la vida útil en entornos de la vida real.<br/><br/>Este libro será inestimable tanto para los profesionales como para los estudiantes que necesiten una visión general sucinta e integral de las preocupaciones y temas de la vida útil. |
| 650 13 - PUNTO DE ACCESO ADICIONAL DE MATERIA--TÉRMINO DE MATERIA |
| Término de materia o nombre geográfico como elemento de entrada |
Almacenamiento de alimentos |
| Fuente del encabezamiento o término |
atg |
| 9 (RLIN) |
148411 |
| 650 13 - PUNTO DE ACCESO ADICIONAL DE MATERIA--TÉRMINO DE MATERIA |
| Término de materia o nombre geográfico como elemento de entrada |
Tiempo de vida |
| Fuente del encabezamiento o término |
atg |
| 9 (RLIN) |
147445 |
| 650 13 - PUNTO DE ACCESO ADICIONAL DE MATERIA--TÉRMINO DE MATERIA |
| Término de materia o nombre geográfico como elemento de entrada |
Deterioro de alimentos |
| Fuente del encabezamiento o término |
atg |
| 9 (RLIN) |
156732 |
| 650 13 - PUNTO DE ACCESO ADICIONAL DE MATERIA--TÉRMINO DE MATERIA |
| Término de materia o nombre geográfico como elemento de entrada |
Food storage |
| Fuente del encabezamiento o término |
atg |
| 9 (RLIN) |
148413 |
| 650 13 - PUNTO DE ACCESO ADICIONAL DE MATERIA--TÉRMINO DE MATERIA |
| Término de materia o nombre geográfico como elemento de entrada |
Shelf life |
| Fuente del encabezamiento o término |
atg |
| 9 (RLIN) |
147444 |
| 650 13 - PUNTO DE ACCESO ADICIONAL DE MATERIA--TÉRMINO DE MATERIA |
| Término de materia o nombre geográfico como elemento de entrada |
Food spoilage |
| Fuente del encabezamiento o término |
atg |
| 9 (RLIN) |
156733 |
| 700 1# - PUNTO DE ACCESO ADICIONAL--NOMBRE DE PERSONA |
| Nombre de persona |
Borde Lekona, Blas |
| 9 (RLIN) |
13843 |
| Término indicativo de función/relación |
traductor |
| 942 ## - ELEMENTOS DE PUNTO DE ACCESO ADICIONAL (KOHA) |
| Fuente del sistema de clasificación o colocación |
Dewey Decimal Classification |
| Tipo de ítem Koha |
Libro |